Rod tlukoucích křídel /

Začátek romantasy série americké autorky. Odvážná hrdinka se vydává osvobodit havraní rod, aby zachránila svou lásku a získala i něco víc.

Uloženo v:
Série:Království havranů, část 1
Hlavní autor: Wildenstein, Olivia (Autor)
Další autoři: Fürstová, Anna (Autor)
Médium: Kniha
Jazyk:Czech
Vydáno: Praha : Dobrovský s.r.o., 2025
Edice:Red
Témata:
Celkem bylo vypůjčeno:0x
Příbuzné jednotky:Z cyklu:: Království havranů
Tagy:
Žádné tagy
LEADER 02640nam a2200445 i 4500
001 106708
003 CZ PrNK
005 20260701135054.0
007 ta
008 251023s2025 xr a g 000 f cze
015 |a cnb003716519 
020 |a 9788027760169  |q (brožováno) :  |c Kč 499,00 
040 |a ABG001  |b cze  |e rda 
041 1 |a cze  |h eng 
072 7 |a 821.111(73)-3  |x Americká próza  |2 Konspekt  |9 25 
080 |a 821.111(73)-31  |2 MRF 
080 |a (0:82-312.9)  |2 MRF 
100 1 |a Wildenstein, Olivia  |7 jo20251269843  |4 aut  |9 117556 
240 1 0 |a House of beating wings.  |l Česky 
245 1 0 |a Rod tlukoucích křídel /  |c Olivia Wildenstein ; přeložila Anna Fürstová 
264 1 |a Praha :  |b Dobrovský s.r.o.,  |c 2025 
300 |a 484 stran ;  |c 21 cm 
336 |a text  |b txt  |2 rdacontent 
337 |a bez média  |b n  |2 rdamedia 
338 |a svazek  |b nc  |2 rdacarrier 
490 1 |a Red 
500 |a Přeloženo z angličtiny 
520 2 |a Začátek romantasy série americké autorky. Odvážná hrdinka se vydává osvobodit havraní rod, aby zachránila svou lásku a získala i něco víc.  |b Fallona Rossiová je polokrevnice, což ji poznamenalo na celý život. Její uši mají zaoblený tvar, nevládne žádnou magií a bratříčkuje se s mořskými hady - skoro každý z čistokrevných fae u dvora jí proto pohrdá. Až na Danteho Regia, prince Světlozemě. Tenhle svůdný člen královské rodiny si totiž získal její srdce od chvíle, kdy jí věnoval její první polibek. Když začne Fallona pochybovat o tom, jak by mohl faeský princ žít šťastně až do smrti s polokrevnicí, vloží své naděje do prorocké věštby. Ta tvrdí, že se stane královnou, pokud osvobodí havrany. Plná zmatení i odhodlání se Fallona vydává na cestu, na jejímž konci na ni čeká vše, po čem kdy marně toužila - moc, respekt, snad i uznání druhých, a především její princ. Netuší ale, že při svém pátrání dá do pohybu víc než svůj vlastní osud, a starodávný démon, který procitne, se o ni nehodlá s nikým dělit. Nakladatelská anotace. 
653 0 |a romantasy 
655 7 |a americké romány  |7 fd131796  |2 czenas  |9 53403 
655 7 |a fantasy romány  |7 fd184199  |2 czenas  |9 54250 
655 9 |a American fiction  |2 eczenas 
655 9 |a fantasy novels  |2 eczenas 
700 1 |a Fürstová, Anna  |7 xx0329262  |4 trl  |9 117557 
787 0 8 |i Z cyklu:  |t Království havranů  |g 1 
830 0 |a Red 
910 |a UOG502 
942 |2 ddc  |c KN 
999 |d 106708 
993 |0 0  |1 421180107436  |2 ddc  |4 0  |7 0  |9 100214  |b 0  |c 107436  |d 2026-07-01  |e 0  |f DOSP  |h 499.00  |i Koupě  |l DOSP  |r 2026-07-02  |t 6  |w 2026-07-01  |y KN  |z BELET  |n